Načítá se...

Lokotharakathakal (ലോകോത്തരകഥകള്‍)/

Podrobná bibliografie
Hlavní autor: Balzac (ബല്‍സാക്ക്)
Další autoři: Parameswaran Moothathu, Tr. (പരമേശ്വരന്‍ മൂത്തത്, വിവ.)
Médium: Printed Book
Vydáno: Kottayam: D C Books, 2014.
Témata:
LEADER 00870 a2200157 4500
020 |a 9788126451706 
082 |a M 843.01 BAL/C  |b 32Q4 
100 |a Balzac (ബല്‍സാക്ക്).  |9 36382 
245 |a Lokotharakathakal (ലോകോത്തരകഥകള്‍)/  |c Balzac (ബല്‍സാക്ക്); tr by Parameswaran Moothathu (വിവ. പരമേശ്വരന്‍ മൂത്തത്) 
260 |a Kottayam:  |b D C Books,  |c 2014. 
300 |a 118 p. 
650 |a Short stories, French.  |9 36383 
700 |a Parameswaran Moothathu, Tr. (പരമേശ്വരന്‍ മൂത്തത്, വിവ.)  |9 36384 
942 |c BK 
999 |c 76027  |d 76027 
952 |0 0  |1 0  |4 0  |5 0  |6 M_843_010000000000000_BAL_C_32Q4  |7 0  |8 MAL  |9 68011  |a MGUL  |b MGUL  |c GEN  |d 2015-05-21  |e Current Books Kottayam Bill No 557 Dt. 18-03-2015  |g 95.00  |l 0  |o M 843.01 BAL/C 32Q4  |p 53477  |r 2015-12-16  |y BK